[Event "Southern Alberta op"]
[Site "Calgary CAN"]
[Date "2010.11.20"]
[Round "3.5"]
[White "Kornilo, Ivan"]
[Black "Karmali, Hafiz"]
[Result "0-1"]
[WhiteElo "1662"]
[BlackElo "2084"]
[PlyCount "70"]
[EventDate "2010.11.20"]
[EventType "swiss"]
[EventRounds "5"]
[EventCountry "CAN"]

1. d4 e6 2. c4 f5 3. Nf3 Nf6 4. Nc3 d5 5. Bf4 c6 6. e3 Bd6 7. Bxd6 Qxd6 8. Be2
Nbd7 9. O-O O-O 10. a3 Ne4 11. Nd2 Rf6 12. Ndxe4 fxe4 13. f3 Rh6 14. f4 Nf6 15.
c5 Qc7 16. Rf2 g5 17. g3 Qg7 18. Rg2 Bd7 19. Kf2 Kh8 20. Qa4 Be8 21. b4 Bh5 22.
Bxh5 Rxh5 23. Qd1 Rg8 24. Qg1 gxf4 25. gxf4 Qxg2+ 26. Qxg2 Rxg2+ 27. Kxg2 Ng4
28. Re1 Rxh2+ 29. Kg3 h5 30. Ne2 Kg7 31. Ng1 Ra2 32. Kh4 Rxa3 33. Kxh5 Nxe3 34.
Nh3 Ng2 35. Rh1 Rxh3+ 0-1

[Event "Southern Alberta op"]
[Site "Calgary CAN"]
[Date "2010.11.20"]
[Round "3.6"]
[White "Dunne, Eoin"]
[Black "Scholz, Mike"]
[Result "1/2-1/2"]
[WhiteElo "1697"]
[BlackElo "1392"]
[PlyCount "72"]
[EventDate "2010.11.20"]
[EventType "swiss"]
[EventRounds "5"]
[EventCountry "CAN"]

1. e4 e5 2. Nf3 Nc6 3. Bc4 Nf6 4. Nc3 d6 5. d3 Bg4 6. a3 Nd4 7. Bg5 Be7 8. h3
Bxf3 9. gxf3 O-O 10. Rg1 Nh5 11. Bh6 Bf6 12. Nb5 Kh8 13. Nxd4 exd4 14. Bd2 Qd7
15. Qe2 Be5 16. O-O-O Nf4 17. Qf1 Qxh3 18. Qxh3 Nxh3 19. Rg2 Nf4 20. Rg4 Ng6
21. f4 Bf6 22. Rh1 c6 23. Bxf7 Rxf7 24. Rxg6 Kg8 25. Rg2 Re8 26. f3 Ree7 27.
Rgh2 g6 28. Rg2 Rg7 29. Bb4 Rd7 30. a4 Bd8 31. e5 c5 32. Bd2 dxe5 33. fxe5 Kf7
34. Re1 Ke6 35. f4 Rgf7 36. Rf1 Rf5 1/2-1/2

[Event "Southern Alberta op"]
[Site "Calgary CAN"]
[Date "2010.11.20"]
[Round "3.7"]
[White "Li, Zeling"]
[Black "Lee, Nicholas"]
[Result "0-1"]
[WhiteElo "906"]
[BlackElo "1750"]
[PlyCount "110"]
[EventDate "2010.11.20"]
[EventType "swiss"]
[EventRounds "5"]
[EventCountry "CAN"]

1. e4 c5 2. Bc4 e6 3. Nf3 d5 4. exd5 exd5 5. Bb5+ Bd7 6. Bxd7+ Nxd7 7. O-O Ngf6
8. Re1+ Be7 9. d3 O-O 10. Bg5 Re8 11. Nc3 Nb6 12. Nh4 h6 13. Bd2 Qc7 14. Nf5
Bd6 15. Rxe8+ Rxe8 16. g3 a6 17. Qf3 d4 18. Ne2 Qd7 19. Re1 Nbd5 20. c4 dxc3
21. bxc3 b5 22. c4 bxc4 23. dxc4 Ne7 24. Nxh6+ gxh6 25. Qxf6 Ng6 26. Bxh6 Be5
27. Qg5 Bc3 28. Rc1 Bb2 29. Rc2 Qd1+ 30. Kg2 Qxc2 31. Nf4 Bd4 32. Nxg6 Qxg6 33.
Qxg6+ fxg6 34. Kf3 Kf7 35. Be3 Kf6 36. g4 g5 37. h3 Rh8 38. Bxd4+ cxd4 39. Ke4
Rd8 40. Kd3 Ke5 41. f3 Rf8 42. Ke2 Kd6 43. Kd3 Kc5 44. a3 Rxf3+ 45. Ke2 Rxh3
46. Kd2 Kxc4 47. Kd1 Rh2 48. a4 Kc3 49. Ke1 Kd3 50. Kf1 Ke3 51. Kg1 Ra2 52. Kf1
d3 53. Kg1 Kf3 54. Kh1 Kg3 55. Kg1 Ra1# 0-1

[Event "Southern Alberta op"]
[Site "Calgary CAN"]
[Date "2010.11.20"]
[Round "3.8"]
[White "Bezjack, Rob"]
[Black "Singh, Krishneel"]
[Result "0-1"]
[WhiteElo "1376"]
[BlackElo "1465"]
[PlyCount "72"]
[EventDate "2010.11.20"]
[EventType "swiss"]
[EventRounds "5"]
[EventCountry "CAN"]

1. d4 d5 2. e3 Nf6 3. b3 b6 4. Bd3 Nbd7 5. Bb2 e6 6. Nf3 Bd6 7. O-O c6 8. Ne5
c5 9. Nc3 Nxe5 10. dxe5 Bxe5 11. f4 Bxc3 12. Bxc3 O-O 13. Qf3 Bb7 14. Qh3 Ne4
15. Be5 f6 16. Qxe6+ Kh8 17. Bc3 Nxc3 18. Qh3 f5 19. Bxf5 Rxf5 20. Qxf5 Qf6 21.
Qxf6 gxf6 22. Rae1 Rg8 23. h3 f5 24. Kh2 Nxa2 25. g4 Nc3 26. gxf5 d4 27. exd4
Rg2+ 28. Kh1 Rxc2+ 29. Kg1 Ne2+ 30. Kh2 Nxd4+ 31. Kg3 Rg2+ 32. Kh4 Nxf5+ 33.
Kh5 Ng3+ 34. Kh6 Nxf1 35. Re8+ Rg8 36. f5 Rxe8 0-1

[Event "Southern Alberta op"]
[Site "Calgary CAN"]
[Date "2010.11.21"]
[Round "4.2"]
[White "Karmali, Hafiz"]
[Black "Pedersen, Rick"]
[Result "0-1"]
[WhiteElo "2084"]
[BlackElo "1962"]
[PlyCount "42"]
[EventDate "2010.11.20"]
[EventType "swiss"]
[EventRounds "5"]
[EventCountry "CAN"]

1. d4 Nf6 2. c4 g6 3. Nc3 Bg7 4. e4 d6 5. f4 O-O 6. Nf3 c5 7. d5 e6 8. Be2 exd5
9. exd5 a6 10. a4 Bg4 11. O-O Re8 12. Bd3 Nbd7 13. h3 Bxf3 14. Qxf3 Nh5 15. Be3
Rxe3 16. Qd1 Bd4 17. Kh2 Qh4 18. Rf3 Rae8 19. Ne2 Rxf3 20. gxf3 Qf2+ 21. Kh1
Rxe2 0-1

[Event "Southern Alberta op"]
[Site "Calgary CAN"]
[Date "2010.11.21"]
[Round "4.3"]
[White "Kluytmans, Frank"]
[Black "Shi, Diwen"]
[Result "0-1"]
[WhiteElo "1895"]
[BlackElo "1557"]
[PlyCount "58"]
[EventDate "2010.11.20"]
[EventType "swiss"]
[EventRounds "5"]
[EventCountry "CAN"]

1. e4 Nf6 2. Nc3 e5 3. Nf3 Nc6 4. Bb5 Bc5 5. d3 d6 6. h3 h6 7. O-O O-O 8. Na4
Bb6 9. Nxb6 axb6 10. c3 Ra5 11. a4 Bd7 12. b4 Ra8 13. Ba3 Ne7 14. Bxd7 Qxd7 15.
Bb2 Ng6 16. d4 exd4 17. Qxd4 Rxa4 18. Rxa4 Qxa4 19. Ra1 Qc2 20. c4 Qxe4 21. Qc3
Nf4 22. Kh1 Nd3 23. Nd2 Qg6 24. f3 Nf2+ 25. Kh2 Nd3 26. Rg1 Re8 27. Ba1 Nf4 28.
Ne4 Nxe4 29. fxe4 Ne2 0-1

[Event "Southern Alberta op"]
[Site "Calgary CAN"]
[Date "2010.11.21"]
[Round "4.4"]
[White "Daniluk, Jim"]
[Black "Milne, Arthur"]
[Result "1-0"]
[WhiteElo "2089"]
[BlackElo "1758"]
[PlyCount "37"]
[EventDate "2010.11.20"]
[EventType "swiss"]
[EventRounds "5"]
[EventCountry "CAN"]

1. d4 e6 2. g3 d5 3. c4 c6 4. Nf3 f5 5. Bg2 Nd7 6. Nc3 Ndf6 7. Ne5 Bd6 8. f3
Ne7 9. O-O O-O 10. e4 Bc7 11. Kh1 b6 12. Qa4 Bb7 13. Be3 Qe8 14. Rac1 Ng6 15.
Nxg6 hxg6 16. e5 Nd7 17. cxd5 cxd5 18. Nxd5 Bxe5 19. Nc7 1-0

[Event "Southern Alberta op"]
[Site "Calgary CAN"]
[Date "2010.11.21"]
[Round "4.5"]
[White "Razzaq, Ali"]
[Black "Dunne, Eoin"]
[Result "1-0"]
[WhiteElo "1990"]
[BlackElo "1697"]
[PlyCount "67"]
[EventDate "2010.11.20"]
[EventType "swiss"]
[EventRounds "5"]
[EventCountry "CAN"]

1. d4 Nf6 2. Nf3 g6 3. Nc3 Bg7 4. e4 d6 5. Be3 O-O 6. Qd2 Ng4 7. Bg5 h6 8. Bh4
Nd7 9. h3 Ngf6 10. e5 Nh7 11. O-O-O g5 12. Bxg5 hxg5 13. h4 g4 14. Ng5 e6 15.
Qf4 Bh6 16. Qxg4 Nxg5 17. f4 f5 18. Qg3 Qe8 19. hxg5 Bg7 20. Be2 dxe5 21. Qh3
Rf7 22. Qh7+ Kf8 23. g6 Re7 24. fxe5 Bxe5 25. Qh5 Bg7 26. g4 Nf6 27. Qg5 fxg4
28. Rdf1 Kg8 29. Rxf6 Bxf6 30. Qxf6 Rg7 31. Ne4 Qe7 32. Qe5 Kf8 33. Rh8+ Rg8
34. Qf4+ 1-0

[Event "Southern Alberta op"]
[Site "Calgary CAN"]
[Date "2010.11.21"]
[Round "4.6"]
[White "MacFie, Bob"]
[Black "Wang, Yuekai"]
[Result "1-0"]
[WhiteElo "1816"]
[BlackElo "1904"]
[PlyCount "33"]
[EventDate "2010.11.20"]
[EventType "swiss"]
[EventRounds "5"]
[EventCountry "CAN"]

1. d4 d5 2. Nc3 Nf6 3. Bg5 Bf5 4. f3 e6 5. e4 dxe4 6. fxe4 Bg6 7. e5 h6 8. Bh4
Bh5 9. Qxh5 Nxh5 10. Bxd8 Kxd8 11. Nge2 g6 12. g4 Ng7 13. Bg2 c6 14. Ne4 Nd7
15. Rf1 Ke8 16. Nf6+ Kd8 17. Nxd7 1-0

[Event "Southern Alberta op"]
[Site "Calgary CAN"]
[Date "2010.11.21"]
[Round "4.7"]
[White "Lee, Nicholas"]
[Black "Kornilo, Ivan"]
[Result "0-1"]
[WhiteElo "1750"]
[BlackElo "1662"]
[PlyCount "50"]
[EventDate "2010.11.20"]
[EventType "swiss"]
[EventRounds "5"]
[EventCountry "CAN"]

1. e4 e5 2. Nf3 Nc6 3. Bb5 a6 4. Bxc6 dxc6 5. d4 exd4 6. Qxd4 Qxd4 7. Nxd4 Bd6
8. Nc3 Ne7 9. f4 f6 10. Bd2 Bd7 11. Rd1 O-O-O 12. Nf3 Ng6 13. f5 Ne5 14. Nxe5
Bxe5 15. O-O Rhe8 16. Rfe1 c5 17. b3 Bc6 18. Nb1 Bd4+ 19. Be3 Bxe3+ 20. Kh1
Rxd1 21. Rxd1 Bf4 22. g3 Bxe4+ 23. Kg1 Be5 24. Na3 b5 25. g4 Bb2 0-1

[Event "Southern Alberta op"]
[Site "Calgary CAN"]
[Date "2010.11.21"]
[Round "4.8"]
[White "Singh, Krishneel"]
[Black "McKay, Tom"]
[Result "1-0"]
[WhiteElo "1465"]
[BlackElo "1610"]
[PlyCount "75"]
[EventDate "2010.11.20"]
[EventType "swiss"]
[EventRounds "5"]
[EventCountry "CAN"]

1. e4 c5 2. Nf3 d6 3. Bb5+ Bd7 4. Bxd7+ Nxd7 5. O-O Ngf6 6. Re1 e6 7. c3 Be7 8.
d4 cxd4 9. cxd4 O-O 10. Nc3 a6 11. e5 dxe5 12. dxe5 Ne8 13. Ne4 Qc7 14. Bg5
Bxg5 15. Nexg5 h6 16. Rc1 Qd8 17. Ne4 Rc8 18. Qd4 Nc7 19. Nd6 Rb8 20. Rc2 Nd5
21. Rec1 Qb6 22. Qh4 Nxe5 23. Nc8 Nxf3+ 24. gxf3 Qd8 25. Qg3 Ra8 26. Nd6 Qd7
27. Kh1 f5 28. Rg1 b5 29. Qe5 Rf6 30. Rd2 Rd8 31. Rxd5 exd5 32. Qxf6 Rf8 33.
Qe5 f4 34. Qxd5+ Kh7 35. Qe4+ Kg8 36. Qg6 Qe7 37. Ne4 Qb7 38. Qxh6 1-0

[Event "Southern Alberta op"]
[Site "Calgary CAN"]
[Date "2010.11.21"]
[Round "4.9"]
[White "Li, Zeling"]
[Black "Bezjack, Rob"]
[Result "1-0"]
[WhiteElo "906"]
[BlackElo "1376"]
[PlyCount "63"]
[EventDate "2010.11.20"]
[EventType "swiss"]
[EventRounds "5"]
[EventCountry "CAN"]

1. e4 e6 2. Nf3 d5 3. Nc3 Nf6 4. e5 d4 5. exf6 dxc3 6. fxg7 cxd2+ 7. Qxd2 Qxd2+
8. Bxd2 Bxg7 9. c3 e5 10. Bd3 Nc6 11. O-O Be6 12. Bb5 O-O-O 13. Bxc6 bxc6 14.
Rfe1 f5 15. Rad1 h5 16. Nxe5 Bh6 17. Re2 Bxd2 18. Rdxd2 Rxd2 19. Rxd2 h4 20.
Nxc6 Bd7 21. Nxa7+ Kd8 22. Nc6+ Ke8 23. Re2+ Kf8 24. Ne5 Bb5 25. Ng6+ Kg7 26.
Re5 Kxg6 27. Rxb5 h3 28. g3 Re8 29. Kf1 Kg5 30. a4 Kg4 31. a5 Kf3 32. Rxf5+ 1-0

[Event "Southern Alberta op"]
[Site "Calgary CAN"]
[Date "2010.11.21"]
[Round "5.1"]
[White "Pedersen, Rick"]
[Black "Rekhson, Vladislav"]
[Result "1/2-1/2"]
[WhiteElo "1962"]
[BlackElo "2132"]
[PlyCount "54"]
[EventDate "2010.11.20"]
[EventType "swiss"]
[EventRounds "5"]
[EventCountry "CAN"]

1. e4 e5 2. Nf3 Nf6 3. d3 Nc6 4. c4 Bc5 5. Nc3 Ng4 6. d4 exd4 7. Nd5 d6 8. Bf4
Nge5 9. b4 Nxf3+ 10. gxf3 Nxb4 11. Rb1 a5 12. a3 Nxd5 13. cxd5 Qf6 14. Bb5+ Kf8
15. Bc1 Rb8 16. Qe2 h6 17. f4 g5 18. e5 Qg6 19. Rb3 Bf5 20. Rg3 Be4 21. O-O c6
22. dxc6 bxc6 23. Bc4 d5 24. fxg5 hxg5 25. Bxg5 Qh5 26. Qxh5 Rxh5 27. Be2 Rh8
1/2-1/2

[Event "Southern Alberta op"]
[Site "Calgary CAN"]
[Date "2010.11.21"]
[Round "5.2"]
[White "Shi, Diwen"]
[Black "Yearwood, Roy"]
[Result "0-1"]
[WhiteElo "1557"]
[BlackElo "2211"]
[PlyCount "112"]
[EventDate "2010.11.20"]
[EventType "swiss"]
[EventRounds "5"]
[EventCountry "CAN"]

1. d4 d6 2. Nf3 f5 3. Bf4 Nf6 4. Nbd2 g6 5. c3 Bg7 6. Qc2 Nh5 7. Bg5 O-O 8. Nc4
c6 9. a4 Na6 10. b4 h6 11. Bd2 Qe8 12. Na3 e5 13. dxe5 dxe5 14. e4 Nc7 15. Bc4+
Kh8 16. Bd3 Nf6 17. Nh4 fxe4 18. Bxe4 Nxe4 19. Qxe4 Bf5 20. Nxf5 gxf5 21. Qh4
Qg6 22. Qg3 Qe6 23. c4 f4 24. Qb3 Rad8 25. Rd1 Qg6 26. Rg1 Qe4+ 27. Kf1 Rd3 28.
Qc2 Qd4 29. Nb1 f3 30. Re1 fxg2+ 31. Rxg2 Rdf3 32. Re2 e4 33. Bc3 Rxc3 34. Nxc3
Qxc3 35. Qxc3 Bxc3 36. b5 Rf4 37. bxc6 bxc6 38. Rg6 Bf6 39. Rxh6+ Kg7 40. Rh3
Ne6 41. Rhe3 Nc5 42. a5 Bd4 43. Rg3+ Kf6 44. Kg2 Nd3 45. f3 e3 46. Rg8 Kf7 47.
Rd8 Ke7 48. Rg8 Kd6 49. Rg6+ Kc5 50. h3 Rf5 51. Rg4 Nf4+ 52. Kf1 Nxe2 53. Kxe2
Kxc4 54. h4 Rxa5 55. Rg5 Ra2+ 56. Ke1 Kd3 0-1

[Event "Southern Alberta op"]
[Site "Calgary CAN"]
[Date "2010.11.21"]
[Round "5.3"]
[White "Razzaq, Ali"]
[Black "Daniluk, Jim"]
[Result "1-0"]
[WhiteElo "1990"]
[BlackElo "2089"]
[PlyCount "53"]
[EventDate "2010.11.20"]
[EventType "swiss"]
[EventRounds "5"]
[EventCountry "CAN"]

1. d4 Nf6 2. Nf3 g6 3. Nc3 d5 4. Bf4 Bg7 5. e3 Nh5 6. Be5 f6 7. Bg3 Nxg3 8.
hxg3 Bg4 9. Qd3 Bf5 10. Qb5+ c6 11. Qxb7 Qb6 12. Qxa8 Kf7 13. Nxd5 Qxb2 14. Bc4
Be6 15. O-O cxd5 16. Bxd5 Qb6 17. Bxe6+ Kxe6 18. Qe4+ Kf7 19. Rab1 Qd6 20. c4
Rd8 21. c5 Qa6 22. Rb7 Nc6 23. Rfb1 Bf8 24. d5 Na5 25. Qe6+ Qxe6 26. dxe6+ Kxe6
27. Rxa7 1-0

[Event "Southern Alberta op"]
[Site "Calgary CAN"]
[Date "2010.11.21"]
[Round "5.4"]
[White "Karmali, Hafiz"]
[Black "MacFie, Bob"]
[Result "1-0"]
[WhiteElo "2084"]
[BlackElo "1816"]
[PlyCount "99"]
[EventDate "2010.11.20"]
[EventType "swiss"]
[EventRounds "5"]
[EventCountry "CAN"]

1. d4 d5 2. c4 Nc6 3. Nf3 Bg4 4. cxd5 Bxf3 5. dxc6 Bxc6 6. Nc3 Nf6 7. Bg5 Ne4
8. Nxe4 Bxe4 9. f3 Qd5 10. Qd2 Bg6 11. e4 Qd7 12. Rc1 e6 13. Bc4 f6 14. Be3 Be7
15. O-O O-O 16. d5 Rfd8 17. Rfd1 exd5 18. Qxd5+ Qxd5 19. Bxd5+ Kf8 20. Rxc7
Rac8 21. Rdc1 Rxc7 22. Rxc7 f5 23. Rxb7 fxe4 24. fxe4 a6 25. Ra7 Rc8 26. Ra8
Rxa8 27. Bxa8 Bf6 28. b3 Bc3 29. Kf2 Ke7 30. Bc5+ Kd7 31. Ke3 Be5 32. g3 Kc7
33. Bd4 Bf6 34. Bxf6 gxf6 35. g4 Kd6 36. Kd4 Be8 37. h4 h6 38. b4 Bb5 39. Bd5
Be2 40. Bc4 Bxg4 41. Bxa6 Kc6 42. a4 Kb6 43. Bc4 Bd7 44. a5+ Kc7 45. b5 f5 46.
b6+ Kc6 47. Bd5+ Kb5 48. b7 fxe4 49. b8=Q+ Kxa5 50. Qc7+ 1-0

[Event "Southern Alberta op"]
[Site "Calgary CAN"]
[Date "2010.11.21"]
[Round "5.5"]
[White "Milne, Arthur"]
[Black "Kornilo, Ivan"]
[Result "1/2-1/2"]
[WhiteElo "1758"]
[BlackElo "1662"]
[PlyCount "77"]
[EventDate "2010.11.20"]
[EventType "swiss"]
[EventRounds "5"]
[EventCountry "CAN"]

1. e4 e5 2. Nc3 Nc6 3. g3 Nf6 4. Bg2 Bc5 5. h3 d6 6. Nge2 Be6 7. Nd5 Ne7 8.
Nec3 c6 9. Nxf6+ gxf6 10. O-O Qd7 11. Kh2 h5 12. d3 O-O-O 13. f4 f5 14. Qe2 Ng6
15. Be3 Bxe3 16. Qxe3 exf4 17. gxf4 Kb8 18. Rae1 d5 19. exd5 cxd5 20. d4 Rhg8
21. Rg1 Qd6 22. Ref1 Qb4 23. Nd1 Qc4 24. Nc3 Qb4 25. Nd1 Qe7 26. Bh1 Rg7 27.
Rg5 h4 28. Nf2 Qc7 29. c3 Qc4 30. Nd3 Rdg8 31. Rfg1 Qxa2 32. Bf3 Qa6 33. Ne5
Qd6 34. Bh5 Kc7 35. Bxg6 fxg6 36. Rxg6 Rxg6 37. Rxg6 Qe7 38. Rxg8 Bxg8 39. Qf2
1/2-1/2

[Event "Southern Alberta op"]
[Site "Calgary CAN"]
[Date "2010.11.21"]
[Round "5.6"]
[White "Wang, Yuekai"]
[Black "Singh, Krishneel"]
[Result "0-1"]
[WhiteElo "1904"]
[BlackElo "1465"]
[PlyCount "68"]
[EventDate "2010.11.20"]
[EventType "swiss"]
[EventRounds "5"]
[EventCountry "CAN"]

1. e4 c5 2. Nf3 d6 3. d4 cxd4 4. Nxd4 g6 5. Nc3 Bg7 6. Bc4 Nf6 7. Be3 Nc6 8.
Bb3 O-O 9. f3 Rb8 10. Qd2 Bd7 11. h4 b5 12. Nxc6 Bxc6 13. Bxa7 Rb7 14. Bd4 b4
15. Nd5 Bxd5 16. exd5 h5 17. O-O-O Kh7 18. Rdg1 Rh8 19. Kb1 Bh6 20. Qd3 Kg8 21.
g4 Bg7 22. g5 Ne8 23. Bf2 Bf8 24. f4 Ng7 25. Bd4 Nf5 26. Bxh8 Kxh8 27. Re1 Bg7
28. Re4 Qb6 29. Ree1 Qa5 30. Rh3 Qb6 31. Rc1 Nd4 32. f5 Nxf5 33. Rf3 Qd4 34.
Rxf5 Qxb2# 0-1

[Event "Southern Alberta op"]
[Site "Calgary CAN"]
[Date "2010.11.21"]
[Round "5.7"]
[White "Dunne, Eoin"]
[Black "Lee, Nicholas"]
[Result "0-1"]
[WhiteElo "1697"]
[BlackElo "1750"]
[PlyCount "112"]
[EventDate "2010.11.20"]
[EventType "swiss"]
[EventRounds "5"]
[EventCountry "CAN"]

1. d4 Nf6 2. c4 e6 3. Nc3 Bb4 4. a3 Bxc3+ 5. bxc3 c5 6. Nf3 Nc6 7. e3 O-O 8.
Bd3 b6 9. O-O Bb7 10. e4 Re8 11. e5 Ng4 12. Bxh7+ Kxh7 13. Ng5+ Kg8 14. Qxg4
Ne7 15. Qh5 Ng6 16. Re1 d5 17. a4 dxc4 18. Ba3 Rc8 19. Qh7+ Kf8 20. Rad1 Qxg5
21. g3 Bd5 22. dxc5 bxc5 23. Rb1 Qh6 24. Qxh6 gxh6 25. Rb5 Kg8 26. Bxc5 a6 27.
Ra5 Red8 28. Bd6 Rc6 29. Rb1 Rd7 30. f4 Ne7 31. g4 Nc8 32. Bb4 Rb7 33. Re1 Rcb6
34. f5 Ne7 35. f6 Ng6 36. Rc5 Nf4 37. Rc8+ Kh7 38. Rf8 Nd3 39. Rb1 Nxb4 40.
cxb4 Be4 41. Rd1 Rb8 42. Rxf7+ Kg8 43. Re7 Bd5 44. Rf1 Rxb4 45. f7+ Kf8 46. Rc7
Rb1 47. h4 Rxf1+ 48. Kxf1 Rb4 49. g5 hxg5 50. hxg5 Be4 51. a5 Bg6 52. Ra7 c3
53. Rxa6 c2 54. Ra8+ Kxf7 55. Ra7+ Kf8 56. Ra8+ Be8 0-1

[Event "Southern Alberta op"]
[Site "Calgary CAN"]
[Date "2010.11.21"]
[Round "5.8"]
[White "Scholz, Mike"]
[Black "Li, Zeling"]
[Result "1/2-1/2"]
[WhiteElo "1392"]
[BlackElo "906"]
[PlyCount "70"]
[EventDate "2010.11.20"]
[EventType "swiss"]
[EventRounds "5"]
[EventCountry "CAN"]

1. e4 e5 2. Nf3 Nc6 3. Bb5 d6 4. d4 a6 5. Bxc6+ bxc6 6. d5 c5 7. c4 Bg4 8. Qd3
Nf6 9. O-O Be7 10. Nh4 Nxd5 11. Qxd5 Bxh4 12. g3 Be7 13. Qc6+ Bd7 14. Qd5 Be6
15. Qc6+ Bd7 16. Qd5 Be6 17. Qd3 Bf6 18. b3 Bh3 19. Re1 Qd7 20. Nc3 h5 21. Nd5
Bd8 22. Qf3 h4 23. Ne3 hxg3 24. fxg3 Rh6 25. Nf5 Rg6 26. Qh5 Bxf5 27. Qh8+ Ke7
28. exf5 Qxf5 29. Rf1 Qd3 30. Qh4+ Kf8 31. Qh8+ Ke7 32. Qh4+ Ke8 33. Qh8+ Ke7
34. Qh4+ Ke8 35. Qh8+ Ke7 1/2-1/2

[Event "Southern Alberta op"]
[Site "Calgary CAN"]
[Date "2010.11.21"]
[Round "5.9"]
[White "Bezjack, Rob"]
[Black "McKay, Tom"]
[Result "0-1"]
[WhiteElo "1376"]
[BlackElo "1610"]
[PlyCount "49"]
[EventDate "2010.11.20"]
[EventType "swiss"]
[EventRounds "5"]
[EventCountry "CAN"]

1. c3 d5 2. d4 e6 3. e3 c5 4. c4 cxd4 5. exd4 Nf6 6. Bd3 b6 7. Nf3 Bb7 8. Nc3
Be7 9. O-O Qc8 10. Qe2 Nbd7 11. Bd2 dxc4 12. Bc2 a6 13. b3 cxb3 14. Bxb3 O-O
15. Rac1 Qd8 16. Rfe1 Re8 17. Bc2 Rc8 18. Be4 Nxe4 19. Nxe4 Nf6 20. Nfg5 h6 21.
Nxf7 Kxf7 22. Nxf6 Bxf6 23. Qh5+ Kg8 24. Re3 Qd5 25. Rxc8 0-1

[Event "Ste-Foy 2010.09.11"]
[Site "Ste-Foy CAN"]
[Date "2010.09.11"]
[Round "1"]
[White "Gaudreau, Eric"]
[Black "Bissonnette, Alexandre"]
[Result "1-0"]
[WhiteElo "1747"]
[BlackElo "1297"]
[PlyCount "75"]
[EventDate "2010.09.11"]
[EventType "swiss"]
[EventRounds "5"]
[EventCountry "CAN"]

1. Nf3 d5 2. c4 e6 3. g3 Nf6 4. Bg2 Nc6 5. O-O Be7 6. b3 O-O 7. Bb2 a6 8. d3 b5
9. Nbd2 Bb7 10. a3 Qd6 11. Qc2 b4 12. a4 Na5 13. Rac1 c5 14. e3 Rfd8 15. Rfd1
Rac8 16. Be5 Qc6 17. Qb2 dxc4 18. Nxc4 Nxc4 19. Rxc4 Rd5 20. Ng5 h6 21. Ne4
Nxe4 22. Bxe4 f6 23. Bd4 Rcd8 24. Rdc1 e5 25. Bxc5 Bxc5 26. Rxc5 Qe6 27. Rc7
Rxd3 28. Bxb7 Qh3 29. Rc8 Rxc8 30. Rxc8+ Kf7 31. Qc2 Rd7 32. Qc4+ Kg6 33. Qc2+
Kg5 34. f4+ exf4 35. exf4+ Kg4 36. Qe2+ Kf5 37. Be4+ Ke6 38. Bg2+ 1-0

[Event "Ste-Foy 2010.09.11"]
[Site "Ste-Foy CAN"]
[Date "2010.09.11"]
[Round "1"]
[White "Tremblay, Charles"]
[Black "Caron, Sebastien"]
[Result "0-1"]
[WhiteElo "1587"]
[BlackElo "1988"]
[PlyCount "86"]
[EventDate "2010.09.11"]
[EventType "swiss"]
[EventRounds "5"]
[EventCountry "CAN"]

1. c4 e5 2. Nc3 d6 3. Nf3 f5 4. d3 Nf6 5. g3 Nc6 6. Bg2 Be7 7. O-O O-O 8. Rb1
Qe8 9. b4 Bd7 10. Be3 Qh5 11. Qd2 h6 12. Nb5 Bd8 13. Nc3 g5 14. Qc1 f4 15. gxf4
gxf4 16. Bd2 Bf5 17. Nd5 Nxd5 18. cxd5 Ne7 19. Qc4 Kh8 20. Kh1 Ng6 21. Rg1 Rf7
22. a3 Bf6 23. Bc3 Kh7 24. Rbe1 Bg4 25. Qe4 Bf5 26. Qc4 Rg8 27. a4 Rfg7 28. a5
Bh4 29. Ref1 Bd8 30. b5 Ne7 31. b6 axb6 32. axb6 cxb6 33. Bb4 Rxg2 34. Rxg2
Rxg2 35. Bxd6 Rg8 36. Bxe5 Qf7 37. Bxf4 Qxd5 38. Qxd5 Nxd5 39. Bd2 Bg4 40. Nd4
Bf6 41. f3 Bh3 42. Rc1 Bxd4 43. e4 Bg2# 0-1

[Event "Ste-Foy 2010.09.11"]
[Site "Ste-Foy CAN"]
[Date "2010.09.18"]
[Round "2"]
[White "Labrecque, Rejean"]
[Black "Espanol-Echevarria, Manuel"]
[Result "1-0"]
[WhiteElo "1727"]
[BlackElo "1857"]
[PlyCount "105"]
[EventDate "2010.09.11"]
[EventType "swiss"]
[EventRounds "5"]
[EventCountry "CAN"]

1. d4 f5 2. Bg5 g6 3. Nc3 Nf6 4. Bxf6 exf6 5. h4 d5 6. h5 Bg7 7. hxg6 hxg6 8.
Rxh8+ Bxh8 9. Qd2 Bg7 10. O-O-O Be6 11. f3 Kf7 12. e4 c6 13. exf5 Bxf5 14. g4
Be6 15. Bd3 Nd7 16. Nh3 Nf8 17. Ne2 Qd6 18. Rh1 Re8 19. Nhf4 b6 20. c3 c5 21.
Qc2 f5 22. gxf5 Bxf5 23. Bxf5 gxf5 24. Qxf5+ Kg8 25. Rg1 Ne6 26. Qxd5 Qxd5 27.
Nxd5 Kf7 28. dxc5 Nxc5 29. Nef4 Bh6 30. Kc2 Re5 31. b4 Nb7 32. Rh1 Kg7 33. Rh5
Re1 34. Rh2 Bxf4 35. Nxf4 Rf1 36. Ne6+ Kf6 37. Nd4 Nd6 38. Kb3 Rb1+ 39. Rb2 Rd1
40. a4 a6 41. Rc2 Ke5 42. Rf2 Kd5 43. f4 a5 44. bxa5 bxa5 45. Re2 Ne4 46. Kb2
Rd3 47. Nb5 Nc5 48. Re5+ Kc6 49. Nd4+ Kd6 50. Kc2 Rh3 51. Nf5+ Kc6 52. Ne7+ Kd6
53. Rd5+ 1-0

[Event "Ste-Foy 2010.09.11"]
[Site "Ste-Foy CAN"]
[Date "2010.09.25"]
[Round "3"]
[White "Doyon, Stephane"]
[Black "Labrecque, Rejean"]
[Result "1-0"]
[WhiteElo "1625"]
[BlackElo "1725"]
[PlyCount "67"]
[EventDate "2010.09.11"]
[EventType "swiss"]
[EventRounds "5"]
[EventCountry "CAN"]

1. e4 c5 2. Nc3 d6 3. g3 Nf6 4. Bg2 Nc6 5. d3 Bg4 6. f3 Bd7 7. f4 Bg4 8. Nf3
Nd4 9. O-O Bxf3 10. Bxf3 Nxf3+ 11. Qxf3 e5 12. fxe5 dxe5 13. Nd5 Be7 14. Bg5
O-O 15. Nxe7+ Qxe7 16. Bxf6 Qxf6 17. Qxf6 gxf6 18. Rxf6 Rae8 19. Raf1 Re7 20.
Rd6 Rc8 21. c4 Rcc7 22. Rf5 Rcd7 23. Rd5 Rxd5 24. cxd5 b6 25. Rf6 Kg7 26. Rd6
f6 27. Kg2 h5 28. Kh3 Kg6 29. Kh4 Rh7 30. Rc6 Rd7 31. Rc8 f5 32. Rc6+ Kf7 33.
Kxh5 fxe4 34. dxe4 1-0

[Event "Ste-Foy 2010.09.11"]
[Site "Ste-Foy CAN"]
[Date "2010.09.25"]
[Round "3"]
[White "Dube, Daniel"]
[Black "Caron, Sebastien"]
[Result "1/2-1/2"]
[WhiteElo "1867"]
[BlackElo "1987"]
[PlyCount "39"]
[EventDate "2010.09.11"]
[EventType "swiss"]
[EventRounds "5"]
[EventCountry "CAN"]

1. e4 e6 2. d4 d5 3. Nc3 Nf6 4. e5 Nfd7 5. f4 c5 6. Nf3 Nc6 7. Be3 Qb6 8. Qd2
cxd4 9. Nxd4 Nxd4 10. Bxd4 Bc5 11. O-O-O Bxd4 12. Qxd4 Qxd4 13. Rxd4 a6 14. Be2
Rb8 15. Bf3 b5 16. g4 O-O 17. Re1 Nb6 18. Nd1 Kh8 19. b3 g6 20. g5 1/2-1/2

[Event "Ste-Foy 2010.09.11"]
[Site "Ste-Foy CAN"]
[Date "2010.09.25"]
[Round "3"]
[White "Tremblay, Charles"]
[Black "Cummins, Paul"]
[Result "1-0"]
[WhiteElo "1587"]
[BlackElo "1780"]
[PlyCount "103"]
[EventDate "2010.09.11"]
[EventType "swiss"]
[EventRounds "5"]
[EventCountry "CAN"]

1. c4 e6 2. Nc3 Nf6 3. Nf3 d5 4. d4 c6 5. e3 Nbd7 6. Be2 dxc4 7. Bxc4 b5 8. Bb3
Bb7 9. O-O a6 10. a3 Qc7 11. Qc2 c5 12. dxc5 Ng4 13. Ne4 Bxc5 14. Bd2 Qb6 15.
Bc3 O-O 16. Neg5 g6 17. Nd4 Bd5 18. Bxd5 exd5 19. b4 Be7 20. Ngf3 Rac8 21. Qb2
Qd6 22. Rad1 Nb6 23. Ne2 Na4 24. Qb3 Nxc3 25. Nxc3 Nf6 26. e4 Qc7 27. Nxd5 Nxd5
28. exd5 Qd6 29. Rd3 Bf6 30. Rfd1 Rfe8 31. g3 Re2 32. Nd4 Re4 33. Nc6 Rce8 34.
Kg2 Re2 35. a4 Rb2 36. Qa3 Ree2 37. Rf3 Red2 38. Rxd2 Rxd2 39. axb5 axb5 40.
Rd3 Re2 41. Qa6 Qd7 42. Qxb5 Qg4 43. Qb8+ Kg7 44. Qf4 Qd7 45. b5 Rb2 46. Qc4
Qf5 47. Rf3 Qb1 48. Qf4 Qf5 49. Qd6 Qxf3+ 50. Kxf3 Rxb5 51. Qd7 Rb3+ 52. Kg2
1-0